000 00763nas a2200265 4500
001 BR8601534
003 BR-BrBNA
005 20231205090413.0
007 ta
008 230509b bl.|||p| |||| 00| 00por d
040 _aBR-BrBNA
_bpor
_cBiblioteca Nacional de Agricultura
041 _a(Pt)
072 _aL70
100 1 _aBelem, P.A.D.
100 1 _aSantos, H.L. dos
100 1 _aMegale, F.
245 1 _aCistoscopia em vacas
246 1 _aCystoscopy in the cow
650 _aAPARELHO URINARIO
650 _aRADIOGRAFIA
650 _aVACA
773 0 _tArquivo Brasileiro de Medicina Veterinaria e Zootecnia (Brazil)
_xISSN 0102-0935
_g(Feb 1986), v. 38(1) p. 17-26
_wBR8601534
909 _a202311
_bLúcia
_c55
_dLúcia Elande
942 _2AGRIS
_n0
_cANA
999 _c118192
_d118192